=LDR 00000nam 2200000 4500 =001 NUTBA000000000003109 =005 20140722093800.0 =006 =007 =008 =020 ##$$a 978-602-8528-61-0 =035 ##$$a 0010-071400000000297 =040 ##$$a NBPDMAT =082 ##$$a 372.7 =090 ##$$a 372.7 $b Int b =100 ##$$a Intan Putri =245 ##$$a Belajar matematika / $cIntan Putri =260 ##$$a Yogyakarta : $b Ider Word Kidz, $c 2011 =300 ##$$a 50 hlm. : $b ilus. ; $c 29 cm. =650 ##$$a Matematika-TK =990 ##$$a 21406662